La abolición de la inquisición en España
Salvato in:
| Autore principale: | |
|---|---|
| Natura: | Libro |
| Lingua: | spagnolo |
| Pubblicazione: |
Pamplona
Eunsa
1975
|
| Soggetti: | |
| Tags: |
Aggiungi Tag
Nessun Tag, puoi essere il primo ad aggiungerne!!
|
MARC
| LEADER | 00000nam a2200000 a 4500 | ||
|---|---|---|---|
| 001 | UCS8674 | ||
| 003 | CL-VaPUC | ||
| 008 | 971107e19750000SP |||||||||||||||||spa|d | ||
| 082 | 0 | 4 | |a 272.2 |b MAR |2 21 |
| 100 | |a Marti Gilabert, Francisco |e autor |9 393445 | ||
| 245 | 1 | 3 | |a La abolición de la inquisición en España |
| 300 | |a 358 p | ||
| 942 | |c BK | ||
| 945 | |d 19971107 00:00:00 |a cmena | ||
| 260 | |a Pamplona |b Eunsa |c 1975 | ||
| 650 | 0 | |a Inquisición (Iglesia Católica) |9 258578 | |
| 650 | 7 | |a HISTORIA ESPAÑOLA |2 CL-VaPUC |9 321819 | |
| 650 | 0 | |a Libertad de cultos |9 393446 | |
| 650 | 0 | |a Iglesia |9 255004 | |
| 650 | 0 | |a Iglesia y Estado |9 254995 | |
| 651 | 0 | |a España |9 254926 | |
| 583 | |a last modification |c 19971107 00:00:00 |k Rodrigo Vera | ||
| 999 | |c 262944 |d 262942 | ||
| 952 | |0 0 |1 0 |4 0 |6 272_200000000000000_MAR_1975 |7 0 |8 DER_HDC |9 291991 |a BIBDER |b BIBDER |d 2019-11-19 |i 1900579 |o 272.2 MAR 1975 |p 1900579 |r 2023-01-25 |w 2019-11-19 |x Ubicación 4to Piso |y BK |z Estos recursos deben solicitarse con anticipación |k DER | ||